| 000 | 00362nam a2200145Ia 4500 | ||
|---|---|---|---|
| 008 | 230312s9999||||xx |||||||||||||| ||und|| | ||
| 020 | _a1305090942 | ||
| 082 |
_a004.7 _bWES-N |
||
| 100 | _aBuhagiar,Jon | ||
| 245 | 0 | _aCCNA routing and switching practice tests | |
| 260 |
_bCengage _aUSA _c2016 |
||
| 300 | _a783 | ||
| 650 |
_aComputer _vNetworking |
||
| 942 | _cBK | ||
| 999 |
_c16697 _d16697 |
||